[Event "CAN-ch U16U18 Girls"]
[Site "Quebec"]
[Date "2018.07.03"]
[Round "3.10"]
[White "Li, Yilin"]
[Black "Macivor, Kieme"]
[Result "1-0"]
[WhiteElo "1957"]
[BlackElo "948"]
[PlyCount "63"]
[EventDate "2018.07.02"]
[EventType "swiss"]
[EventRounds "7"]
[EventCountry "CAN"]
[SourceTitle "EXT 2022"]
[Source "ChessBase"]
[SourceDate "2021.10.06"]
[SourceVersion "1"]
[SourceVersionDate "2021.10.06"]
[SourceQuality "1"]

1. e4 e5 2. Nf3 Nc6 3. Bb5 Bd6 4. c3 Nf6 5. d3 a6 6. Ba4 b5 7. Bc2 b4 8. 0-0 bxc3 9. bxc3 Bc5 10. d4 exd4 11. cxd4 Bb6 12. Bg5 h6 13. Be3 d5 14. Nc3 0-0 15. e5 Ng4 16. Bc1 Nb4 17. h3 c5 18. Na4 Nxc2 19. Qxc2 cxd4 20. hxg4 Bc7 21. g5 Bg4 22. Nxd4 hxg5 23. Nc6 Qe8 24. Ba3 Rc8 25. Ne7+ Kh8 26. Nxc8 Bxe5 27. Bxf8 Bxa1 28. Rxa1 Qxf8 29. Qc5 Qe8 30. Nab6 Bxc8 31. Qxc8 Qxc8 32. Nxc8 1-0

[Event "CAN-ch U14 Girls"]
[Site "Windsor"]
[Date "2015.07.08"]
[Round "4.50"]
[White "Macivor, Kieme"]
[Black "Jiang, Jennifer"]
[Result "0-1"]
[WhiteElo "929"]
[BlackElo "735"]
[PlyCount "96"]
[EventDate "2015.07.06"]
[EventType "swiss"]
[EventRounds "7"]
[EventCountry "CAN"]
[SourceTitle "EXT 2022"]
[Source "ChessBase"]
[SourceDate "2021.10.06"]
[SourceVersion "1"]
[SourceVersionDate "2021.10.06"]
[SourceQuality "1"]

1. e4 e5 2. Qf3 Nf6 3. Bc4 Nc6 4. c3 d6 5. h3 Be6 6. Bxe6 fxe6 7. g4 d5 8. g5 Nxe4 9. d3 Nxg5 10. Bxg5 Qxg5 11. Na3 Bc5 12. Nb5 0-0-0 13. Qf7 Rd7 14. Qxe6 Qg2 15. Qg4 Qxh1 16. Kd2 Qh2 17. Rf1 Rf8 18. d4 exd4 19. cxd4 Rxf2+ 20. Rxf2 Qxf2+ 21. Ne2 Bb4+ 22. Kc2 Qe1 23. Nxa7+ Nxa7 24. Nc3 Qf2+ 25. Kb3 Nc6 26. Nxd5 Qd2 27. a3 Qxd4 28. Nxb4 Qxg4 29. hxg4 Nxb4 30. axb4 Rd3+ 31. Kc4 Rg3 32. b5 Rxg4+ 33. Kc5 h5 34. b4 h4 35. b6 cxb6+ 36. Kxb6 h3 37. b5 h2 38. Ka7 h1Q 39. Kb6 Qh6+ 40. Ka5 Qd2+ 41. Kb6 Rg6+ 42. Kc5 Qd6+ 43. Kc4 Rg5 44. b6 Qf4+ 45. Kd3 Rg3+ 46. Ke2 Qd4 47. Ke1 Rg2 48. Kf1 Qf2# 0-1

[Event "CAN-ch U14 Girls"]
[Site "Windsor"]
[Date "2015.07.07"]
[Round "3.49"]
[White "Xu, Allyson"]
[Black "Macivor, Kieme"]
[Result "1-0"]
[WhiteElo "1461"]
[BlackElo "929"]
[PlyCount "101"]
[EventDate "2015.07.06"]
[EventType "swiss"]
[EventRounds "7"]
[EventCountry "CAN"]
[SourceTitle "EXT 2022"]
[Source "ChessBase"]
[SourceDate "2021.10.06"]
[SourceVersion "1"]
[SourceVersionDate "2021.10.06"]
[SourceQuality "1"]

1. e4 e5 2. Nf3 Nc6 3. Bb5 Qf6 4. d3 d6 5. Bg5 Qg6 6. 0-0 Bg4 7. Be3 Bh3 8. Nh4 Qg4 9. Qxg4 Bxg4 10. Nd2 Be7 11. Nhf3 a6 12. Ba4 b5 13. Bb3 Nd4 14. Nxd4 exd4 15. Bxd4 Nf6 16. h3 Be2 17. Rfe1 Bh5 18. e5 dxe5 19. Bxe5 Bd6 20. Bxd6+ Kd8 21. Bg3 c5 22. Bh4 Rc8 23. a3 Re8 24. Ne4 c4 25. dxc4 bxc4 26. Ba2 Rc6 27. Nxf6 gxf6 28. Rxe8+ Kxe8 29. b3 c3 30. b4 Rd6 31. Bb3 Rd2 32. Bxf6 Bd1 33. Bxc3 Rd6 34. Rc1 Bh5 35. Re1+ Kd7 36. g4 Bg6 37. f4 f5 38. Ba4+ Kd8 39. gxf5 Bxf5 40. Re8+ Kc7 41. Be5 Bd7 42. Bxd6+ Kxd6 43. Bxd7 Kxd7 44. Rh8 Kc6 45. Rxh7 Kb5 46. f5 Ka4 47. f6 Kxa3 48. f7 Kxb4 49. f8Q+ Kb5 50. Rb7+ Ka4 51. Qb4# 1-0

[Event "CAN-ch U12 Girls"]
[Site "Ottawa"]
[Date "2013.07.10"]
[Round "1"]
[White "Yu, Rinna"]
[Black "Macivor, Kieme"]
[Result "1-0"]
[WhiteElo "1301"]
[BlackElo "878"]
[PlyCount "61"]
[EventDate "2013.07.10"]
[EventType "swiss"]
[EventRounds "6"]
[EventCountry "CAN"]
[SourceTitle "EXT 2022"]
[Source "ChessBase"]
[SourceDate "2021.10.06"]
[SourceVersion "1"]
[SourceVersionDate "2021.10.06"]
[SourceQuality "1"]

1. e4 c5 2. Nf3 Nc6 3. Nc3 Nd4 4. d3 Nxf3+ 5. Qxf3 e5 6. Be3 d6 7. g3 Nh6 8. h3 Qb6 9. Rb1 g6 10. Nd5 Qa5+ 11. Nc3 Be6 12. a3 b5 13. Bd2 b4 14. Ne2 Rd8 15. Bg2 d5 16. Qf6 Rg8 17. axb4 cxb4 18. 0-0 Be7 19. Qxe5 Qc5 20. Bxh6 b3 21. cxb3 Qc2 22. Nd4 Qxd3 23. Nxe6 fxe6 24. Qxe6 dxe4 25. Bxe4 Qe2 26. Qxg8+ Kd7 27. Rfd1+ Kc7 28. Rbc1+ Kb6 29. Qe6+ Kb5 30. Qc6+ Kb4 31. Qa4# 1-0